Management 11/12 / (Record no. 2929)

MARC details
000 -LEADER
fixed length control field 00603nam a2200205 ar4500
001 - CONTROL NUMBER
control field 2931
005 - DATE AND TIME OF LATEST TRANSACTION
control field 20221127090629.0
008 - FIXED-LENGTH DATA ELEMENTS--GENERAL INFORMATION
fixed length control field 121010s xxua 00010|eng d
020 ## - INTERNATIONAL STANDARD BOOK NUMBER
International Standard Book Number 9780073528632(pbk) :
Terms of availability SR125.00
082 04 - DEWEY DECIMAL CLASSIFICATION NUMBER
Classification number 658
Item number M311 2012
245 00 - TITLE STATEMENT
Title Management 11/12 /
Statement of responsibility, etc. edited by Fred Maidment.
246 0# - VARYING FORM OF TITLE
Title proper/short title Annual editions.
Name of part/section of a work management.
250 ## - EDITION STATEMENT
Edition statement 16th ed.
260 ## - PUBLICATION, DISTRIBUTION, ETC.
Place of publication, distribution, etc. New York :
Name of publisher, distributor, etc. McGraw-Hill,
Date of publication, distribution, etc. 2012.
300 ## - PHYSICAL DESCRIPTION
Extent xx, 185 p. :
Other physical details ill. ;
Dimensions 27 cm.
440 #0 - SERIES STATEMENT/ADDED ENTRY--TITLE
Title Annual editions.
504 ## - BIBLIOGRAPHY, ETC. NOTE
Bibliography, etc. note includes bibl. references.
650 #4 - SUBJECT ADDED ENTRY--TOPICAL TERM
Topical term or geographic name entry element Management.
700 0# - ADDED ENTRY--PERSONAL NAME
Personal name Maidment, Fred H.,
Relator term editor.
Holdings
Withdrawn status Lost status Source of classification or shelving scheme Damaged status Not for loan Home library Current library Date acquired Total Checkouts Full call number Barcode Date last seen Copy number Price effective from Koha item type
              11/27/2022   658 M311 2012 1000000010894 11/27/2022 C6 11/27/2022 Book
              11/27/2022   658 M311 2012 1000000010893 11/27/2022 C7 11/27/2022 Book
          CENTRAL CENTRAL 11/27/2022   658 M311 2012 1000000008952 11/27/2022 C2 11/27/2022 Book
          CENTRAL CENTRAL 11/27/2022   658 M311 2012 1000000008951 11/27/2022 C4 11/27/2022 Book
          KHOBAR KHOBAR 11/27/2022   658 M311 2012 1000000008948 11/27/2022 C1 11/27/2022 Book
          KHOBAR KHOBAR 11/27/2022   658 M311 2012 1000000008950 11/27/2022 C3 11/27/2022 Book